00465nam a2200157Ia 4500008004100000020001800041082001800059100001200077245007800089250000800167260004200175300002900217500001900246600002700265650001500292240925s9999 xx 000 0 und d a9788174091858 a621.31042 RAO aRao, S. 0aTesting Commissionning Operation and Maintenance of Electrical Equipments a6th aNew Delhi:bKhanna Publishersc,2017. aviii, 402p.b0fOriginal aIncludes Index aElectrical Engineering aTechnology